00837nam a22002657a 45000010005000000030006000050050017000110080041000280200018000690400029000870500014001160820008001301000027001382450078001652500027002432600035002703000039003055050007003445200097003515210019004485210018004676500024004856500026005097000036005354776FISKH20250210111145.0241010b cb ||||| |||| 00| 0 eng d a9780590474634 aFISKHbengcFISKHdFISKH aPZ7.C6628 a164 aCohen, Miriamd(1926-) aSecond-grade friends / cby Miriam Cohen Illustrated by Diane Palmisciano aFirst printing in 1993 aNew York :bScholastic,c1993. a74 pages :billustrations ;c20 cm aL  aJacob worries a lot. If only he knew how much his friends from second grade really like him!8 a520 bLexile 8 aL bRaz-Plus  2FriendshipaGrade 2 2HomeschoolaRealistic aPalmisciano, DianedIllustrator